Jak umarły te osoby - Statystyki

Ogólne statystyki
  • Ten quiz został rozwiązany 25 razy
  • Średni wynik to 6 z 22
Statystyki odpowiedzi
Hint Odpowiedź % Poprawnych
Adolf hitler Samobójstwo
96%
JFK Zamach
74%
Księżna Diana Wypadek samochodowy
70%
Kurt Cobin Samobójstwo
61%
Jezus Chrystus Ukrzyżowanie
43%
Ted Bundy Kara śmierci
39%
Juliusz Cezar Zamach
39%
John Lenon Morderstwo
30%
Królowa Elżbieta II Starość
26%
Jan Paweł II Parkinson
22%
Michael Jackson Przedawkowanie
22%
Paul walker Wypadek samochodowy
22%
Jan Paweł II Parkinson
17%
Józef Piłsudski Nowotwór
13%
Felicjan Andrzejczyk Udar mózgu
13%
Juliusz Słowacki Gruźlica
9%
Pele Nowotwór
9%
Maradona Atak serca
4%
Sokrates Samobójstwo
4%
Steven Irwin Zabity przez płaszczkę
4%
Bob Markey Malaria
0%
Ronald Regan Parkinson
0%
Nie znaleziono quizów pasujących do podanych kryteriów
Rozkład punktacji
Procent ludzi z każdym wynikiem
Percentyl według liczby udzielonych odpowiedzi
Twoja historia wyników
Nie rozwiązałeś tego quizu